Arte Cubano/ (Record no. 3372)

MARC details
000 -LEADER
campo de control de longitud fija 01764nam a22004577a 4500
003 - IDENTIFICADOR DE NÚMERO DE CONTROL
campo de control OSt
005 - FECHA Y HORA DE LA ÚLTIMA TRANSACCIÓN
campo de control 20230413141810.0
008 - DATOS DE LONGITUD FIJA--INFORMACIÓN GENERAL
campo de control de longitud fija 221006b |||||||| |||| 00| 0 eng d
040 ## - FUENTE DE CATALOGACIÓN
Centro/agencia transcriptor Biblioteca Lado V
082 ## - NÚMERO DE LA CLASIFICACIÓN DECIMAL DEWEY
Número de clasificación 700
Número de ítem K41a
100 ## - ENTRADA PRINCIPAL--NOMBRE DE PERSONA
9 (RLIN) 799
Nombre de persona Ruiz, Margarita
Término indicativo de función/relación editor
-- director
245 ## - MENCIÓN DEL TÍTULO
Título Arte Cubano/
Resto del título Revista de Artes Visuales/
260 ## - PUBLICACIÓN, DISTRIBUCIÓN, ETC.
Nombre del editor, distribuidor, etc. Consejo Nacional de las Artes Plasticas
Fecha de publicación, distribución, etc. 1998
Lugar de publicación, distribución, etc. Cuba
300 ## - DESCRIPCIÓN FÍSICA
Dimensiones 21x28cm
Extensión 98p.
366 ## - INFORMACIÓN SOBRE DISPONIBILIDAD COMERCIAL
Nota spa
490 ## - MENCIÓN DE SERIE
Designación de volumen o secuencia 1998
Mención de serie 2
Número Internacional Normalizado para Publicaciones Seriadas 1024 8439
505 ## - NOTA DE CONTENIDO CON FORMATO
Título Contrapunto de carreno los anos cubanos
505 ## - NOTA DE CONTENIDO CON FORMATO
Título Museo Nacional. Palacio de Bellas artes
505 ## - NOTA DE CONTENIDO CON FORMATO
Título Discursos de mujeres
505 ## - NOTA DE CONTENIDO CON FORMATO
Título Bejarano: el cambio como compromiso
505 ## - NOTA DE CONTENIDO CON FORMATO
Título Carlos Garaicoa: jugar a la memoria, entre la historia y la ficción
505 ## - NOTA DE CONTENIDO CON FORMATO
Título Visiones del Che
505 ## - NOTA DE CONTENIDO CON FORMATO
Título Adelaida de Juan
505 ## - NOTA DE CONTENIDO CON FORMATO
Título Centenario
505 ## - NOTA DE CONTENIDO CON FORMATO
Título Sosabravo: original y diverso
505 ## - NOTA DE CONTENIDO CON FORMATO
Título Lecturas
Nota de contenido con formato Poesia<br/><br/>La mano pinta al abanico<br/><br/>Del estarcido al original multiple
505 ## - NOTA DE CONTENIDO CON FORMATO
Título Patrimonio
Nota de contenido con formato La cultura popular en las marquillas tabacaleras y cigarreras
505 ## - NOTA DE CONTENIDO CON FORMATO
Título Exposiciones
505 ## - NOTA DE CONTENIDO CON FORMATO
Título Mirador
505 ## - NOTA DE CONTENIDO CON FORMATO
Título Resumenes
650 ## - PUNTO DE ACCESO ADICIONAL DE MATERIA--TÉRMINO DE MATERIA
Fuente del encabezamiento o término Tesauro de Arte & Arquitectura
Término de materia o nombre geográfico como elemento de entrada ARTE
9 (RLIN) 703
650 ## - PUNTO DE ACCESO ADICIONAL DE MATERIA--TÉRMINO DE MATERIA
Fuente del encabezamiento o término Tesauro de Arte & Arquitectura
Término de materia o nombre geográfico como elemento de entrada EXPOSICIONES
650 ## - PUNTO DE ACCESO ADICIONAL DE MATERIA--TÉRMINO DE MATERIA
Fuente del encabezamiento o término Tesauro de Arte & Arquitectura
Término de materia o nombre geográfico como elemento de entrada BIENAL
650 ## - PUNTO DE ACCESO ADICIONAL DE MATERIA--TÉRMINO DE MATERIA
Fuente del encabezamiento o término Tesauro de Arte & Arquitectura
Término de materia o nombre geográfico como elemento de entrada APRECIACION
650 ## - PUNTO DE ACCESO ADICIONAL DE MATERIA--TÉRMINO DE MATERIA
Fuente del encabezamiento o término Tesauro de Arte & Arquitectura
Término de materia o nombre geográfico como elemento de entrada TEORIA
650 ## - PUNTO DE ACCESO ADICIONAL DE MATERIA--TÉRMINO DE MATERIA
Fuente del encabezamiento o término Tesauro de Arte & Arquitectura
Término de materia o nombre geográfico como elemento de entrada CRITICA
650 ## - PUNTO DE ACCESO ADICIONAL DE MATERIA--TÉRMINO DE MATERIA
Fuente del encabezamiento o término Tesauro de Arte & Arquitectura
Término de materia o nombre geográfico como elemento de entrada FOTOGRAFIA
9 (RLIN) 702
650 ## - PUNTO DE ACCESO ADICIONAL DE MATERIA--TÉRMINO DE MATERIA
Fuente del encabezamiento o término Tesauro de Arte & Arquitectura
Término de materia o nombre geográfico como elemento de entrada LITERATURA
650 ## - PUNTO DE ACCESO ADICIONAL DE MATERIA--TÉRMINO DE MATERIA
Fuente del encabezamiento o término Tesauro de Arte & Arquitectura
Término de materia o nombre geográfico como elemento de entrada CUBANO
942 ## - ELEMENTOS DE ENTRADA SECUNDARIOS (KOHA)
Fuente del sistema de clasificación o colocación Clasificación Decimal Dewey
Tipo de ítem Koha Libros
Parte de la signatura que corresponde a la clasificación (Parte de la clasificación) 701.18
Parte de la signatura que identifica el ejemplar (Parte del ítem) R934a
Suprimir en OPAC No
Holdings
Estatus retirado Estado de pérdida Fuente del sistema de clasificación o colocación Especificación de materiales (volumen encuadernado u otra parte) Estado de daño No para préstamo Colección Biblioteca de origen Biblioteca actual Fecha de adquisición Enumeración/cronología de publicación seriada Número de inventario Total de préstamos Signatura topográfica completa Código de barras Visto por última vez Precio de reemplazo Tipo de ítem Koha
    Clasificación Decimal Dewey 1998     Revistas Biblioteca LadoV Biblioteca LadoV 13/04/2023 2 003513   701.18 R934a 003513 13/04/2023 13/04/2023 Libros